| 000 | 00966nam a2200253Ia 4500 | ||
|---|---|---|---|
| 999 |
_c38581 _d38581 |
||
| 001 | 4698 | ||
| 003 | GE_BSU | ||
| 005 | 20190712173036.0 | ||
| 008 | 181216s2010||||ge |||||||||||||| ||geo|| | ||
| 020 | _a97899941023422 | ||
| 040 | _cGE_BSU | ||
| 041 | _ageo | ||
| 080 | _a005.915 + 336 გ-14 | ||
| 100 |
_aგადელია, დემურ _9725 |
||
| 245 |
_aფინანსური მენეჯმენტი / _cდემურ გადელია ; რედ. ლელა ბახტაძე |
||
| 264 |
_aთბილისი : _bშპს "დარბეგის" სტ. ; _c2010. |
||
| 300 |
_a478 გვ. ; _c22 სმ. |
||
| 504 | _aბიბლიოგრ. : გვ. 457–477 | ||
| 541 | _h33 ლ. | ||
| 653 | _aფინანსური მენეჯმენტი | ||
| 653 | _aმენეჯმენტი | ||
| 700 |
_a ბახტაძე, ლელა _eრედაქტორი _93224 |
||
| 942 |
_cBK _2udc |
||